Normal view
MARC view
Entry Personal Name
001 - CONTROL NUMBER
- control field: 77867
003 - CONTROL NUMBER IDENTIFIER
- control field: OSt
005 - DATE AND TIME OF LATEST TRANSACTION
- control field: 20220918191946.0
008 - FIXED-LENGTH DATA ELEMENTS
- fixed length control field: 220918|| aca||aabn | a|a d
040 ## - CATALOGING SOURCE
- Original cataloging agency: OSt
- Transcribing agency: OSt
100 ## - HEADING--PERSONAL NAME
- Personal name: Claghorn George S
670 ## - SOURCE DATA FOUND
- Source citation: Work cat.: (OSt)192412: Claghorn George S, Aristotle's criticism of Plato's 'Timaeus', 1954
